| 000 | 00624nam a2200241Ia 4500 | ||
|---|---|---|---|
| 999 |
_c144 _d144 |
||
| 003 | OSt | ||
| 005 | 20230520115744.0 | ||
| 008 | 151016s9999 xx 000 0 und d | ||
| 020 | _a9.7816809416e+012 | ||
| 040 | _c1 | ||
| 082 |
_aDC 418 _bP467 |
||
| 245 | _aPerspective on applied linguistics in language and literature | ||
| 260 | _aNew York | ||
| 260 | _bArcler Press LLC | ||
| 260 | _cc2015 | ||
| 300 | _aviii, 230 pages: | ||
| 300 | _billustrations; | ||
| 300 | _c25 cm. | ||
| 504 | _aincludes index. | ||
| 650 |
_aApplied Linguistics _948399 |
||
| 700 |
_aEdward Morgan _eEditor _948400 |
||
| 942 |
_aDDC _2ddc _cDC |
||